[Event "Seville op 30th"]
[Site "Seville"]
[Date "2005.01.14"]
[Round "8"]
[White "Rico Galiano, Arsenio"]
[Black "Mirzoev, Azer"]
[Result "1/2-1/2"]
[WhiteElo "2266"]
[BlackElo "2513"]
[PlyCount "115"]
[EventDate "2005.01.07"]
[EventType "swiss"]
[EventRounds "9"]
[EventCountry "ESP"]
[SourceTitle "CBM 104 Extra"]
[Source "ChessBase"]
[SourceDate "2005.03.01"]
[SourceVersion "1"]
[SourceVersionDate "2005.03.01"]
[SourceQuality "1"]

1. Nf3 d5 2. d4 e6 3. c4 c6 4. Nc3 Nf6 5. Bg5 h6 6. Bxf6 Qxf6 7. e3 Nd7 8. Bd3 g6 9. 0-0 Bg7 10. Rc1 0-0 11. b4 Qe7 12. b5 dxc4 13. Bxc4 c5 14. Ne4 cxd4 15. Nxd4 Rd8 16. Qe2 Nb6 17. Bb3 e5 18. Nf3 Bf5 19. Nfd2 Rac8 20. f3 Kh7 21. Rxc8 Bxc8 22. Rc1 f5 23. Nf2 h5 24. e4 Bh6 25. Rc2 h4 26. Nc4 Nd7 27. Ne3 Nc5 28. Nd5 Qd6 29. Nd3 Nxb3 30. axb3 Be6 31. N3b4 Bg5 32. Rc7+ Rd7 33. Rxd7+ Qxd7 34. g3 Qd6 35. Qf2 hxg3 36. hxg3 fxe4 37. fxe4 Qd7 38. Qc5 Qc8 39. Qxc8 Bxc8 40. Nd3 Bd7 41. b6 axb6 42. Nxe5 Be6 43. Kf2 Bd8 44. Kf3 Kg7 45. Nc4 Kf8 46. Kf4 b5 47. Ne5 g5+ 48. Ke3 Ba5 49. Nf3 Bd8 50. Nd4 Bd7 51. Nf5 Ba5 52. g4 Be1 53. Kd4 Kf7 54. Ke5 b4 55. Kd4 Ke6 56. Nc7+ Kf7 57. Nd5 Ke6 58. Nc7+ 1/2-1/2

[Event "Dos Hermanas-C"]
[Site "Dos Hermanas"]
[Date "2003.04.06"]
[Round "9"]
[White "Barrero Garcia, Carlos"]
[Black "Rico Galiano, Arsenio"]
[Result "1/2-1/2"]
[WhiteElo "2325"]
[BlackElo "2312"]
[PlyCount "69"]
[EventDate "2003.03.28"]
[EventType "tourn"]
[EventRounds "9"]
[EventCountry "ESP"]
[EventCategory "4"]
[SourceTitle "CBM 093 Extra"]
[Source "ChessBase"]
[SourceDate "2003.05.09"]
[SourceVersion "1"]
[SourceVersionDate "2003.05.09"]
[SourceQuality "1"]

1. d4 Nf6 2. c4 g6 3. Nc3 Bg7 4. e4 d6 5. Be2 0-0 6. Nf3 e5 7. d5 Nbd7 8. Bg5 h6 9. Bh4 g5 10. Bg3 Nh5 11. h4 g4 12. Nd2 Nxg3 13. fxg3 h5 14. 0-0 a5 15. Bd3 Nc5 16. Bc2 Bd7 17. Qe2 Qe7 18. Rf2 Bh6 19. Nf1 Kg7 20. Ne3 Bxe3 21. Qxe3 f6 22. Raf1 Rae8 23. b3 c6 24. a3 Rf7 25. Qd2 Bc8 26. Nd1 cxd5 27. cxd5 Qd8 28. Ne3 Rh8 29. Kh2 Bd7 30. Rb1 Na6 31. Nc4 Bb5 32. Nxa5 b6 33. Nc6 Bxc6 34. dxc6 Nb8 35. Rd1 1/2-1/2

[Event "Dos Hermanas-C"]
[Site "Dos Hermanas"]
[Date "2003.04.04"]
[Round "7"]
[White "Rico Galiano, Arsenio"]
[Black "Razmyslov, Alexander"]
[Result "0-1"]
[WhiteElo "2312"]
[BlackElo "2345"]
[PlyCount "117"]
[EventDate "2003.03.28"]
[EventType "tourn"]
[EventRounds "9"]
[EventCountry "ESP"]
[EventCategory "4"]
[SourceTitle "CBM 093 Extra"]
[Source "ChessBase"]
[SourceDate "2003.05.09"]
[SourceVersion "1"]
[SourceVersionDate "2003.05.09"]
[SourceQuality "1"]

1. d4 g6 2. c4 Bg7 3. Nc3 d6 4. e4 Nc6 5. Be3 e5 6. d5 Nd4 7. Nge2 Nxe2 8. Bxe2 Bh6 9. Bxh6 Nxh6 10. Qd2 Ng8 11. 0-0 Qe7 12. f4 a6 13. Rf2 h5 14. c5 Nh6 15. h3 exf4 16. Qxf4 Qe5 17. Qxe5+ dxe5 18. d6 Be6 19. dxc7 Kd7 20. Nd5 Bxd5 21. exd5 Kxc7 22. Rf6 Rad8 23. Bf3 Rb8 24. Re1 Rhe8 25. g4 hxg4 26. hxg4 e4 27. Rxe4 Rxe4 28. Bxe4 Re8 29. g5 Ng4 30. Rxf7+ Kd8 31. Bxg6 Rg8 32. Bh5 Nh6 33. Rh7 Rxg5+ 34. Kf1 Rxh5 35. d6 Rf5+ 36. Ke2 Nf7 37. Rg7 Kc8 38. b4 Kd7 39. a4 Kc6 40. Rg8 Kd7 41. Ke3 Nd8 42. Ke4 Rf7 43. Rh8 Rg7 44. Kd5 Rg5+ 45. Kc4 Rg4+ 46. Kc3 a5 47. b5 Rg7 48. Rh4 b6 49. cxb6 Nb7 50. Rc4 Kxd6 51. Rc6+ Kd5 52. Rh6 Nc5 53. Rh5+ Kd6 54. Rh4 Rb7 55. Kc4 Nxa4 56. Rh6+ Ke5 57. Rh5+ Kf6 58. Rh6+ Kg7 59. Rh2 0-1

[Event "Dos Hermanas-C"]
[Site "Dos Hermanas"]
[Date "2003.03.30"]
[Round "3"]
[White "Rico Galiano, Arsenio"]
[Black "Lalic, Bogdan"]
[Result "0-1"]
[WhiteElo "2312"]
[BlackElo "2547"]
[PlyCount "66"]
[EventDate "2003.03.28"]
[EventType "tourn"]
[EventRounds "9"]
[EventCountry "ESP"]
[EventCategory "4"]
[SourceTitle "CBM 093 Extra"]
[Source "ChessBase"]
[SourceDate "2003.05.09"]
[SourceVersion "1"]
[SourceVersionDate "2003.05.09"]
[SourceQuality "1"]

1. d4 Nf6 2. c4 e6 3. Nc3 Bb4 4. a3 Bxc3+ 5. bxc3 c5 6. e3 Nc6 7. Bd3 0-0 8. Nf3 d6 9. 0-0 h6 10. e4 e5 11. d5 Ne7 12. Ne1 Nh7 13. f4 exf4 14. Bxf4 Ng6 15. Bg3 Nf6 16. Nc2 Re8 17. Ne3 Nxe4 18. Qf3 Nf6 19. Nf5 Bxf5 20. Qxf5 Re3 21. Rf3 Qe7 22. Rxe3 Qxe3+ 23. Bf2 Qd2 24. Be1 Qb2 25. Rb1 Qxa3 26. Rxb7 Re8 27. Rb1 Ne5 28. Bd2 Qa2 29. Bc2 Qxc4 30. Bxh6 Qxc3 31. h3 gxh6 32. Rf1 Ned7 33. Rf3 Re3 0-1

[Event "ESP-chT2"]
[Site "Vila Real"]
[Date "2001.??.??"]
[Round "6"]
[White "Fernandez Garcia, Miguel Angel"]
[Black "Rico Galiano, Arsenio"]
[Result "1/2-1/2"]
[WhiteElo "2185"]
[BlackElo "2299"]
[PlyCount "49"]
[EventDate "2001.08.13"]
[EventType "team"]
[EventRounds "7"]
[EventCountry "ESP"]
[SourceTitle "EXT 2003"]
[Source "ChessBase"]
[SourceDate "2002.11.25"]
[SourceVersion "1"]
[SourceVersionDate "2002.11.25"]
[SourceQuality "1"]

1. d4 d5 2. Nf3 Nf6 3. g3 e6 4. Bg2 c6 5. 0-0 Nbd7 6. c4 Be7 7. Qc2 0-0 8. Nc3 b6 9. e4 dxe4 10. Nxe4 Bb7 11. Rd1 Qc8 12. Ne5 Nxe5 13. dxe5 Nxe4 14. Bxe4 h6 15. b3 c5 16. Bb2 Bc6 17. f4 Qb7 18. Bxc6 Qxc6 19. Qg2 Qc7 20. Rd2 Rad8 21. Rad1 Rxd2 22. Rxd2 Rd8 23. Rxd8+ Qxd8 24. Qe2 Qd7 25. Kf2 1/2-1/2

[Event "ESP-chT"]
[Site "Barcelona"]
[Date "2000.08.12"]
[Round "8"]
[White "Rico Galiano, Arsenio"]
[Black "Estremera Panos, Sergio"]
[Result "1-0"]
[WhiteElo "2259"]
[BlackElo "2364"]
[PlyCount "69"]
[EventDate "2000.08.05"]
[EventType "team"]
[EventRounds "9"]
[EventCountry "ESP"]
[SourceTitle "CBM 077 Extra"]
[Source "ChessBase"]
[SourceDate "2000.09.14"]
[SourceVersion "1"]
[SourceVersionDate "2000.09.14"]
[SourceQuality "1"]

1. d4 Nf6 2. Nf3 e6 3. Bg5 c5 4. e3 Be7 5. c3 b6 6. Nbd2 Bb7 7. Bd3 Nc6 8. a3 cxd4 9. cxd4 Nd5 10. Bxe7 Qxe7 11. Qe2 a6 12. 0-0 0-0 13. Rac1 b5 14. Nb3 d6 15. Qd2 Rac8 16. e4 Nb6 17. Qe3 Na4 18. Rc2 Qd7 19. e5 Ne7 20. Rd2 Nb6 21. Ng5 h6 22. Nh7 Rfd8 23. Nf6+ gxf6 24. exf6 Qc6 25. f3 Ned5 26. Qxh6 Nxf6 27. Qxf6 Qd5 28. Qh6 f5 29. Re2 Re8 30. Qg6+ Kf8 31. Qf6+ Kg8 32. Re4 Nd7 33. Qg6+ Kf8 34. Rh4 Ne5 35. Qf6+ 1-0

[Event "ESP-chT"]
[Site "Spain"]
[Date "1998.??.??"]
[Round "4"]
[White "Rico Galiano, Arsenio"]
[Black "Toledano Llinares, Juan Antonio"]
[Result "1-0"]
[WhiteElo "2210"]
[BlackElo "2380"]
[PlyCount "66"]
[EventDate "1998.??.??"]
[EventType "team"]
[EventRounds "9"]
[EventCountry "ESP"]
[SourceTitle "EXT 2002"]
[Source "ChessBase"]
[SourceDate "2001.11.25"]
[SourceVersion "1"]
[SourceVersionDate "2001.11.25"]
[SourceQuality "1"]

1. e4 e5 2. Nf3 d6 3. d4 Nf6 4. Nc3 Nbd7 5. Bc4 Be7 6. 0-0 c6 7. dxe5 dxe5 8. a4 0-0 9. h3 Qc7 10. Qe2 Nc5 11. Rd1 a5 12. Kh2 h6 13. g3 Be6 14. Bxe6 fxe6 15. Ne1 Rf7 16. f3 Qb6 17. Qc4 Na6 18. Ng2 Bc5 19. Ne2 Re8 20. Rb1 Nh7 21. Rf1 Bf2 22. f4 exf4 23. Bxf4 Bc5 24. Be5 Rxf1 25. Rxf1 Qb4 26. Qc3 Bf8 27. h4 Qe7 28. Nef4 Nc5 29. Qc4 Qd7 30. Nh5 b6 31. Qe2 Qe7 32. Qg4 Nd7 33. Rxf8+ Ndxf8 1-0